| 000 | 01008cam a2200217 a 4500 | ||
|---|---|---|---|
| 001 | 000019068 | ||
| 005 | 20200929165920.0 | ||
| 008 | 721129s1947 sp 000 0 spa d | ||
| 040 |
_aDO-SdBNP _bspa _cBNPHU |
||
| 082 |
_axx _bxx |
||
| 100 | 1 |
_aPezuela, Joaquín de la, _cVirrey del Perú, _d1816-1821. _941022 |
|
| 245 | 1 | 0 |
_aMemoria de gobierno / _cJoaquín de la Pezuela ; edición y prólogo Vicente Rodríguez Casado y Guillermo Lohmann Villena. |
| 260 |
_aSevilla : _bEscuela de Estudios Hispano-Americanos, _c1947. |
||
| 300 |
_axlvi, 912 p. : _bil. ; _c21 cm. |
||
| 490 | 1 |
_aPublicaciones de la Escuela de Estudios Hispano-Americanos de Sevilla, _v26 |
|
| 490 | 1 |
_aMemorias, relaciones y viajes, _v3 |
|
| 651 | 0 |
_aPeru _xPolitics And Government _y1548-1820. _941023 |
|
| 700 | 1 |
_aRodríguez Casado, Vicente, _eed. _941024 |
|
| 700 | 1 |
_aLohmann Villena, Guillermo, _eed. _93144 |
|
| 830 | 0 |
_aPublicaciones de la Escuela de Estudios Hispano-Americanos de Sevilla ; _v26 _pMemorias, relaciones y viajes, _v3 _941025 |
|
| 999 |
_c18586 _d18586 |
||